Normal Type Pokemon Abilities - Statistics

General Stats
  • This quiz has been taken 51 times
    3 since last reset
  • The average score is 99 of 106
Answer Stats
Gen Ability % Correct
4 Adaptability
100%
5 Analytic
100%
4 Anger Point
100%
5 Anticipation
100%
9 Armor Tail
100%
9 Aroma Veil
100%
7 Battle Armor
100%
7 Berserk
100%
5 Big Pecks
100%
6 Cheek Pouch
100%
5 Chlorophyll
100%
5 Cloud Nine
100%
3 Color Change
100%
7 Comatose
100%
6 Competitive
100%
5 Contrary
100%
9 Cud Chew
100%
3 Cute Charm
100%
5 Defiant
100%
4 Download
100%
6 Dry Skin
100%
3 Early Bird
100%
7 Fluffy
100%
5 Friend Guard
100%
4 Frisk
100%
6 Fur Coat
100%
6 Gale Wings
100%
4 Gluttony
100%
3 Guts
100%
5 Healer
100%
3 Huge Power
100%
3 Hustle
100%
8 Illusion
100%
3 Immunity
100%
5 Imposter
100%
3 Inner Focus
100%
3 Insomnia
100%
3 Intimidate
100%
3 Keen Eye
100%
4 Klutz
100%
3 Limber
100%
9 Lingering Aroma
100%
4 Magic Guard
100%
5 Moody
100%
6 Moxie
100%
4 Multitype
100%
3 Natural Cure
100%
6 No Guard
100%
4 Normalize
100%
3 Oblivious
100%
3 Own Tempo
100%
6 Parental Bond
100%
9 Pickpocket
100%
3 Pickup
100%
9 Poison Touch
100%
9 Prankster
100%
6 Protean
100%
8 Psychic Surge
100%
4 Quick Feet
100%
5 Rattled
100%
5 Reckless
100%
5 Regenerator
100%
5 Rivalry
100%
7 RKS System
100%
3 Run Away
100%
5 Sand Rush
100%
6 Sand Veil
100%
5 Sap Sipper
100%
4 Scrappy
100%
9 Seed Sower
100%
3 Serene Grace
100%
5 Sheer Force
100%
4 Simple
100%
5 Skill Link
100%
4 Slow Start
100%
5 Sniper
100%
6 Solar Power
100%
3 Soundproof
100%
7 Stakeout
100%
7 Strong Jaw
100%
5 Super Luck
100%
7 Symbiosis
100%
4 Tangled Feet
100%
4 Technician
100%
3 Thick Fat
100%
5 Tinted Lens
100%
5 Toxic Boost
100%
3 Trace
100%
3 Truant
100%
4 Unaware
100%
9 Unburden
100%
5 Unnerve
100%
3 Vital Spirit
100%
8 Bulletproof
50%
3 Forecast
50%
9 Harvest
50%
5 Honey Gather
50%
5 Illuminate
50%
9 Shed Skin
50%
8 Synchronize
50%
7 Telepathy
50%
9 Teraform Zero
50%
9 Tera Shell
50%
9 Tera Shift
50%
5 Wonder Skin
50%
9 Mind's Eye
0%
No matching quizzes found
Score Distribution
Percent of People with Each Score
Percentile by Number Answered
Your Score History
You have not taken this quiz since the last reset